Principles of Management Accounting (Record no. 94496)

MARC details
000 -LEADER
fixed length control field 00411nam a2200133Ia 4500
008 - FIXED-LENGTH DATA ELEMENTS--GENERAL INFORMATION
fixed length control field 211109s9999||||xx |||||||||||||| ||und||
082 ## - DEWEY DECIMAL CLASSIFICATION NUMBER
Classification number 658.1511
Item number MOH-P
100 ## - MAIN ENTRY--PERSONAL NAME
Personal name Mohan, Man
245 #0 - TITLE STATEMENT
Title Principles of Management Accounting
260 ## - PUBLICATION, DISTRIBUTION, ETC.
Name of publisher, distributor, etc. Sahitya Bhavan
Place of publication, distribution, etc. Agra
Date of publication, distribution, etc. 2008
630 ## - SUBJECT ADDED ENTRY--UNIFORM TITLE
General subdivision Post Graduate Reference
650 ## - SUBJECT ADDED ENTRY--TOPICAL TERM
Topical term or geographic name entry element General management
942 ## - ADDED ENTRY ELEMENTS (KOHA)
Koha item type BOOK
650 ## - SUBJECT ADDED ENTRY--TOPICAL TERM
Form subdivision Management & auxiliary services
General subdivision TechnologyCommerce
Holdings
Withdrawn status Lost status Damaged status Not for loan Home library Current library Date acquired Cost, normal purchase price Total Checkouts Full call number Barcode Shelving location Date last seen Price effective from Koha item type
        SB LIBRARY SB LIBRARY 09/11/2021 250.00   658.1511 MOH-P 00079491 POST GRADUATE REFERENCE 09/11/2021 09/11/2021 BOOK

Powered by Koha